Statistics for Dark Souls 3 Locations

Click here to take the quiz!

General Stats

  • This quiz has been taken 259 times
  • The average score is 16 of 22

Answer Stats

Area Boss/HintAnswer% Correct
Central Hub LocationFirelink Shrine
95%
Aldrich, Devourer of GodsAnor Londo
91%
Vordt of the Boreal Valley/
Dancer of the Boreal Valley
High Wall of Lothric
86%
Dragonslayer ArmourLothric Castle
84%
Deacons of the DeepCathedral of the Deep
80%
Pontiff SulyvahnIrithyll of the Boreal Valley
78%
High Lord WolnirCatacombs of Carthus
77%
Abyss WatchersFarron Keep
77%
Darkeater Midir/
Halflight, Spear of the Church/
Slave Knight Gael
The Ringed City
74%
Curse-Rotted GreatwoodUndead Settlement
73%
Yhorm the GiantProfaned Capital
72%
Soul of CinderKiln of the First Flame
67%
Ancient Wyvern/Nameless KingArchdragon Peak
66%
Oceiros, the Consumed KingConsumed King's Garden
66%
Champion's Gravetender and
Gravetender Greatwolf/Sister Friede
Painted World of Ariandel
64%
Karla the Witch can be rescued from hereIrithyll Dungeon
63%
Champion GundyrUntended Graves
63%
Old Demon KingSmouldering Lake
62%
Crystal SageRoad of Sacrifices
61%
Iudex GundyrCemetery of Ash
59%
Lothric, Younger Prince
and Lorian, Elder Prince
Grand Archives
59%
Demon PrinceThe Dreg Heap
51%

Score Distribution

Percentile by Number Answered

Percent of People with Each Score

Your Score History

You have not taken this quiz